Statystyki dla Najwyższe szczyty stanów USA

Kliknij tutaj aby rozwiązać quiz!

Ogólne statystyki

  • Ten quiz został rozwiązany 7 razy
  • Średni wynik to 10 z 50

Statystyki odpowiedzi

StanWysokość (w m n.p.m)Nazwa% Poprawnych
Alaska
6190Denali
100%
Hawaje4207Mauna Kea
67%
Kolorado4401Mount Elbert
33%
Karolina Północna2037Mount Mitchell
33%
Kalifornia4421Mount Whitney
33%
Dakota Południowa2208Black Elk Peak
17%
Oklahoma1516Black Mesa
17%
Kentucky1263Black Mountain
17%
Idaho3861Borah Peak
17%
Nevada4007Boundary Peak
17%
Georgia1458Brasstown Bald
17%
Floryda105Britton Hill
17%
Ohio472Campbell Hill
17%
Illinois376Charles Mound
17%
Alabama736Cheaha Mountain
17%
Tennessee2025Clingmans Dome
17%
Luizjana163Driskill Mountain
17%
Minnesota701Eagle Mountain
17%
Delaware136Ebright Azimuth
17%
Wyoming4209Gannet Peak
17%
New Hampshire1917Góra Waszyngtona
17%
Montana
3905Granite Peak
17%
Texas2667Guadalupe Peak
17%
Iowa509Hawkeye Point
17%
New Jersey550High Point
17%
Indiana383Hoosier Hill
17%
Maryland1024Hoye-Crest
17%
Arizona3852Humphreys Peak
17%
Rhode Island247Jerimoth Hill
17%
Utah4125Kings Peak
17%
Michigan603Mount Arvon
17%
Pensylwania979Mount Davis
17%
Connecticut725Mount Frissell
17%
Massachusetts1063Mount Greylock
17%
Oregon3428Mount Hood
17%
Maine1606Mount Katahdin
17%
Arkansas839Mount Magazine
17%
Nowy Jork1628Mount Marcy
17%
Waszyngton4394Mount Rainier
17%
Wirginia1746Mount Rogers
17%
Nebraska1654Panorama Point
17%
Karolina Południowa1085Sassafras Mountain
17%
Wirginia Zachodnia1482Spruce Knob
17%
Missouri540Taum Sauk Mountain
17%
Wisconsin595Timms Hill
17%
Nowy Meksyk4013Wheeler Peak
17%
Dakota Północna1069White Butte
17%
Missisipi246Woodal Mountain
17%
Vermont1340Mount Mansfield
0%
Kansas1232Mount Sunflower
0%

Rozkład punktacji

Percentyl według liczby udzielonych odpowiedzi

Procent ludzi z każdym wynikiem

Twoja historia wyników

Nie rozwiązałeś tego quizu